| 000 | 00648nam a22002177a 4500 | ||
|---|---|---|---|
| 999 |
_c14399 _d14399 |
||
| 003 | AR-CdUCM | ||
| 008 | 190423b ||||| |||| 00| 0 spa d | ||
| 020 | _a978-968-16-4903-6 | ||
| 040 |
_aMUNICIPALIDAD PROVINCIAL DEL CUSCO _cBIBLIOTECA MUNICIPAL DEL CUSCO |
||
| 041 | _heng | ||
| 082 |
_aPI / 808.06 / _bB12 |
||
| 100 |
_aBanyai, Istan _933155 |
||
| 245 | _aZoom / | ||
| 260 |
_aMéxico : _bFondo de cultura económica, _c2014. |
||
| 300 |
_bIlustraciones, _c23 cm. |
||
| 650 |
_aEducación inicial _93463 |
||
| 650 |
_aLectura para niños _933156 |
||
| 650 |
_aPrimera infancia _924660 |
||
| 942 |
_2ddc _cLIBROS |
||
| 945 |
_adavv _d23/04/2019 |
||